Encyclopedia of chemical processing and design. 27 V [3,19,20] (Record no. 31921)

MARC details
000 -LEADER
fixed length control field 00355nam a2200121Ia 4500
082 ## - DEWEY DECIMAL CLASSIFICATION NUMBER
Classification number 66.01(031)
Item number MCK
245 #0 - TITLE STATEMENT
Title Encyclopedia of chemical processing and design. 27 V [3,19,20]
260 ## - PUBLICATION, DISTRIBUTION, ETC. (IMPRINT)
Place of publication New York
Name of publisher Marcel Dekker
Year of publication 1976
700 ## - ADDED ENTRY--PERSONAL NAME
Personal name Cunningham, William A
700 ## - ADDED ENTRY--PERSONAL NAME
Personal name Mcketta, John J
942 ## - ADDED ENTRY ELEMENTS (KOHA)
Koha item type Books
Holdings
Withdrawn status Lost status Damaged status Not for loan Home library Current library Date acquired Full call number Accession Number Koha item type
        RRII Library RRII Library 16/12/2021 66.01(031) MCK 12453 Books